000
00273nam a22001337a 4500
082
_a
894.812.3
_b
THO/K
100
_a
THOYAKKAV, C.J.JOSE
245
_a
KOODHASA
260
_a
ALUVA
_b
PEN BOOKS LTD
_c
2003
300
_a
136
520
_a
NOVEL
650
_a
NOVEL
942
_c
BK
999
_c
5146
_d
5146